[Event "Canadian op"]
[Site "Montreal"]
[Date "2008.07.21"]
[Round "3"]
[White "Bluvshtein, Mark"]
[Black "Mikhalevski, Victor"]
[Result "1/2-1/2"]
[WhiteElo "2548"]
[BlackElo "2592"]
[Annotator "Mikhalevski,V"]
[PlyCount "54"]
[EventDate "2008.07.19"]
[EventType "swiss"]
[EventRounds "9"]
[EventCountry "CAN"]
[SourceTitle "CBM 125"]
[Source "ChessBase"]
[SourceDate "2008.07.30"]
[SourceVersion "1"]
[SourceVersionDate "2008.07.30"]
[SourceQuality "1"]

1. d4 Nf6 2. c4 g6 3. Nc3 d5 4. Qb3 dxc4 5. Qxc4 Be6 {This rare line is an
attempt to exploit the early Qb3.} (5... Bg7 {is the main line.} 6. e4 O-O 7.
Be2 Nfd7 (7... c6 8. Nf3 b5 9. Qb3 Qa5 10. O-O b4 11. e5 bxc3 12. exf6 Bxf6 13.
Qxc3 Qxc3 14. bxc3 Ba6 15. Re1 c5 $11 {1/2-1/2 Khenkin,I (2602)-Rodshtein,M 
(2614)/Maalot-Tarshiha ISR 2008/The Week in Chess 688 (51)}) 8. Be3 Nb6 9. Qc5
e5 $1 10. Nf3 N8d7 11. Qa3 (11. Qa5 exd4 12. Bxd4 Bxd4 13. Nxd4 Qe7 14. O-O Nc5
15. Qa3 Re8 16. Rfe1 Ne6 17. Qxe7 Rxe7 18. Nc2 Nc5 19. f3 {1/2-1/2 Ivanchuk,V 
(2729)-Svidler,P (2736)/Foros 2007/CBM 119}) 11... exd4 12. Bxd4 Bxd4 13. Nxd4
Qg5 14. O-O Qc5 15. Qxc5 Nxc5 16. Rfd1 c6 $14 {1/2-1/2 Moiseenko,A (2643)
-Rodshtein,M (2614)/Maalot-Tarshiha ISR 2008/The Week in Chess 688 (35). leads
to a slight edge for White, but close to equality.}) 6. Qb5+ Bd7 (6... Nc6 {
has been known since 1-0 Euwe,M-Alekhine,A/Netherlands 1935/MainBase/
[ChessBase] (45)}) 7. Qb3 (7. Qxb7 $6 Nc6 8. e3 Rb8 9. Qa6 Nb4 10. Qe2 c5 $36 {
give Black a strong initiative.}) 7... a5 $146 {[%cal Ga5a4] A novelty, which
may be good as a surprise weapon.} ({Earlier Black played mostly} 7... Nc6 {
0-1 Yakovich,Y (2520)-Ernst,T (2570)/Helsinki 1992/CBM 032/[Ftacnik] (54)}) 8.
e4 $5 {The most logical reaction.} (8. Qxb7 $2 Nc6 $1 {is in Black's favour.})
(8. Nf3 $5) 8... Nc6 (8... a4 $5 {was possible, preparing to meet} 9. Qxb7 (9.
Qd1 {looks better.}) {with} 9... Nc6 10. Nb5 Rc8 {with the idea} 11. Bf4 $2 (
11. Nf3 $5) 11... e5 $1 $17 {and Black suddenly develops a strong initiative.})
9. Bc4 {This obvious move turns out to be an inaccuracy.} (9. Nf3 {was more
precise, but White missed my reply.}) 9... Bg7 $3 {Ignoring the threat.} 10.
Nf3 $1 ({After} 10. Bxf7+ $2 Kf8 {[%csl Rd4,Rf7][%cal Gc6d4,Ga5a4] with the
ideas of Nxd4 and a4 White is in trouble.}) 10... a4 11. Qd1 (11. Nxa4 $2 {
is bad in view of} Na5 $1 $17) 11... Bg4 $1 {[%csl Rd4]} 12. d5 ({An unclear
position arises after} 12. e5 Bxf3 13. gxf3 (13. Qxf3 Nxd4 14. Qd1 Ng8 {
The only, but sufficient retreat.} 15. Bf4 Nh6 (15... e6 $5) (15... c5 $6 16.
Qd2 $1) 16. Bd5 Nhf5 17. g4 Ra5 $15) 13... Nh5 $13) 12... Ne5 13. Be2 Nxf3+ 14.
gxf3 ({After} 14. Bxf3 Bxf3 15. Qxf3 a3 $1 $11 {Black is fine.}) 14... Bh5 {
[%cal Gd8d7,Gd7h3] Putting some pressure on f3 and leaving the h3 square for
the queen.} (14... Bh3 {was a possible alternative, but I prefer the text.} 15.
Nxa4 Qd6 16. Nc3 O-O $44) 15. Nxa4 O-O 16. Nc3 Qc8 $1 {[%cal Gc8h3,Ge7e6,Gf8d8]
Black prepares both Qh3 and Rd8 followed by e6.} 17. e5 Nd7 18. f4 Bxe2 19.
Qxe2 Nb6 $1 $44 {White has obtained an extra pawn, but his pawn structure is
damaged and the position of the king is not secure.} 20. O-O (20. Be3 Na4 $1
$44) 20... e6 $5 (20... Rd8 21. Rd1 Na4 {was a possible alternative.}) 21. Qe4
({White should prefer} 21. dxe6 Qxe6 22. Rd1 (22. Be3 f6 $1 $36) 22... Rfd8 $44
) 21... exd5 22. Nxd5 {Now Black is out of risk.} Qg4+ 23. Kh1 Ra4 $1 ({
The intermediate} 23... Qh3 $6 {is not so good.} 24. Be3 (24. Rg1 $5 {is also
possible.}) {and now} 24... Ra4 $2 {can be met by means of} 25. Ne7+ Kh8 26.
Qxb7 $16 {[%cal Gb7g2]}) (23... Nxd5 {also leads to a comfortable position for
Black.} 24. Qxd5 c6 25. Qe4 Rfd8 $44) 24. Qd3 (24. Ne7+ $6 Kh8 25. Qxb7 Qd7 $36
{[%csl Re7,Rh1] is dangerous for White.}) 24... Qd7 {Somehow I believed that
the only way to unpin the knight is to play Nf6 either now or a move later.} ({
After the correct} 24... Nxd5 $1 25. Qxd5 c6 {White has to be very careful, e.
g.} 26. Qd1 Qh3 $36) ({I could force a draw by means of} 24... Rd4 25. Qxd4 (
25. Ne7+ Kh8 26. Qxd4 Qf3+ $11) 25... Qf3+ 26. Kg1 Qg4+ $11 {, but I liked my
position and wanted to play on.}) 25. Rd1 {After this move I realized that
White has additional options after 25...Rd8.} (25. Nf6+ Bxf6 26. Qxd7 Nxd7 27.
exf6 Nxf6 $15 {was my hope.}) 25... Nxd5 (25... Rd8 {leads to equality after}
26. Nxb6 $1 (26. Ne7+ Kf8 27. Qxd7 Nxd7 $1 28. Nd5 Nb6 29. Nc3 Rxd1+ 30. Nxd1
f6 $1 31. Nc3 Rb4 {with pressure.}) 26... Qc6+ 27. Nd5 Ra5 28. Qf3 Raxd5 29.
Rxd5 Rxd5 30. Kg2 (30. Be3 $4 {loses to} Rd1+ $1 $19) 30... f6 $1 31. Be3 $1 {
[%cal Ga1c1]} Qd7 $1 32. exf6 Bxf6 33. Rc1 $1 c6 34. b3 $11) 26. Qxd5 Qg4 $1
27. Be3 c6 ({After} 27... c6 28. Qd7 $1 {is the best way to equality.} ({
In case of} 28. Qg2 Qf5 {[%cal Gg7e5]} 29. b3 (29. Rd6 Rxa2 $1 (29... Bxe5 $2 {
doesn't work in view of} 30. fxe5 Rg4 31. Rf6 $1 $18 {Moiseenko}) 30. Rxa2 Qb1+
31. Qg1 Qxa2 $15) 29... Re4 30. Qg5 Qxg5 31. fxg5 Bxe5 32. Rac1 Bf4 33. Rd7 Rb8
34. Bxf4 Rxf4 35. Rc2 Rf5 36. h4 Rf4 37. Kg2 Rxh4 38. Kg3 Re4 {Black gets a
minimal edge.}) 28... Qf3+ 29. Kg1 Bh6 (29... g5 $2 {is strongly met by} 30.
Rd3 $1 $16) 30. Rd4 Rxd4 31. Qxd4 Qg4+ $11 {An interesting fighting draw.})
1/2-1/2